000 00790nam a2200217Ia 4500
005 20241129111336.0
008 241129s9999||||xx |||||||||||||| ||und||
020 _a978-93-87195-52-3
037 _aTB
040 _aCRL
_bhin
_cCRL
041 _ahin
_2hin
084 _aO15,2:g(NT) 152R4
_qCRL
100 _aराजपुरोहित, बी. एल., ले.
_9167423
245 0 _aसंस्कृत नाटक और रंगमंच
_cराजपुरोहित, बी. एल., ले.
260 _aदिल्ली, भारत
_bशिवालिक प्रकाशन
_c2024
300 _a216पृ0
365 _aINR
_b895
650 _aSanskrit LiteratureDrama
_9726239
942 _cTB
_hO15,2:g(NT) 152R4
999 _c1230011
_d1230011